000 00783nac a22003010a 4500
001 PT18349
003 AR-LpoUNG
005 20211108123255.0
008 201001s2002||||sp |||||||||||||||||spa d
020 _a8424919750 (v.2)
_c$72.33
040 _aAR-LpoUNG
_bspa
_eaacr
041 _aspa
044 _asp
082 0 _aR403 717l-z
100 1 _aMoliner, María
245 1 0 _aDiccionario de uso del español :
_bl-z
250 _a2da. ed., 4ta. reimpr.
260 _aMadrid :
_bGredos,
_c2002.
300 _a1597 p. :
_bil.
_a(2
_fVolúmenes)
_3Impreso
490 0 _aDiccionario de uso del español
650 4 _aDICCIONARIOS
650 4 _aGRAMATICA
653 _aABREVIATURAS
653 _aSIMBOLOS
653 _aSINONIMOS
905 _a18349
942 _cLSALA
_2ddc
999 _c48275
_d48275